Foundations of differential geometry / (Record no. 50669)
[ view plain ]
| 000 -LEADER | |
|---|---|
| fixed length control field | 00817nam a2200253 a 4500 |
| 001 - CONTROL NUMBER | |
| control field | 50669 |
| 003 - CONTROL NUMBER IDENTIFIER | |
| rucl marc code | BD-RjUL |
| 005 - DATE AND TIME OF LATEST TRANSACTION | |
| control field | 20211209075538.0 |
| 008 - FIXED-LENGTH DATA ELEMENTS--GENERAL INFORMATION | |
| fixed length control field | 160828s1963 Us b 000 0 eng |
| 035 ## - SYSTEM CONTROL NUMBER | |
| System control number | (BD-RjUL)50789 |
| 040 ## - CATALOGING SOURCE | |
| Original cataloging agency | BD-RjUL |
| Transcribing agency | ICU |
| Modifying agency | DLC |
| Language of cataloging | eng |
| 041 ## - LANGUAGE CODE | |
| Language code of text/sound track or separate title | eng |
| 082 00 - DEWEY DECIMAL CLASSIFICATION NUMBER | |
| Edition number | 23 |
| Classification number | 516.7 |
| Author mark and year | KOF 1963 |
| 100 1# - MAIN ENTRY--PERSONAL NAME | |
| Personal name | Kobayashi, Shōshichi, |
| Dates associated with a name | 1932-2012. |
| 9 (RLIN) | 151712 |
| 245 10 - TITLE STATEMENT | |
| Title | Foundations of differential geometry / |
| Statement of responsibility, etc. | Shoshichi Kobayashi, Katsumi Nomizu. |
| 260 ## - PUBLICATION, DISTRIBUTION, ETC. (IMPRINT) | |
| Place of publication, distribution, etc. | New York : |
| Name of publisher, distributor, etc. | Interscience Publishers, |
| Date of publication, distribution, etc. | c 1963. |
| 300 ## - PHYSICAL DESCRIPTION | |
| Pagination | v. |
| Size | 24 cm. |
| 490 1# - SERIES STATEMENT | |
| Series statement | Interscience tracts in pure and applied mathematics, |
| 504 ## - BIBLIOGRAPHY, ETC. NOTE | |
| Bibliography, etc | Includes Bibliography and Index |
| 505 o# - FORMATTED CONTENTS NOTE | |
| Formatted contents note | Vol.--1 |
| 650 #0 - SUBJECT ADDED ENTRY--TOPICAL TERM | |
| Topical term or geographic name as entry element | Geometry Differential |
| 9 (RLIN) | 151713 |
| 700 1# - ADDED ENTRY--PERSONAL NAME | |
| Personal name | Nomizu, Katsumi, |
| Dates associated with a name | 1924- |
| Relator term | joint author. |
| 942 ## - ADDED ENTRY ELEMENTS (KOHA) | |
| Source of classification or shelving scheme | Dewey Decimal Classification |
| Koha item type | Books |
| Lost status | Source of classification or shelving scheme | Damaged status | Not for loan | Collection code | Permanent Location | Current Location | Shelving location | Date acquired | Source of acquisition | Cost, normal purchase price | Total Checkouts | Full call number | Date last seen | Copy number | Koha item type |
|---|---|---|---|---|---|---|---|---|---|---|---|---|---|---|---|
| Dewey Decimal Classification | Non-fiction | Central Library, University of Rajshahi | Central Library, University of Rajshahi | 16/04/1965 | Zeitlinger | 113.00 | 516.7 KOF V-1 1963 | 28/08/2016 | C-2 | Books |